Βιώσιμη Τουριστική Ανάπτυξη και Περιβάλλον (Record no. 8249)
[ view plain ]
| 000 -LEADER | |
|---|---|
| fixed length control field | 02810cam a22002174a 4500 |
| 005 - ΗΜΕΡΟΜΗΝΙΑ ΚΑΙ ΩΡΑ ΤΕΛΕΥΤΑΙΑΣ ΕΝΗΜΕΡΩΣΗΣ | |
| Πεδίο ελέγχου | 20251209152215.0 |
| 008 - FIXED-LENGTH DATA ELEMENTS--GENERAL INFORMATION | |
| Πεδίο ελέγχου σταθερού μήκους | 250528s ||||||||||||||||||||||||d |
| 035 ## - SYSTEM CONTROL NUMBER | |
| System control number | 23220 |
| 020 ## - ISBN | |
| ISBN | 9789605862510 |
| 040 ## - ΠΗΓΗ ΚΑΤΑΛΟΓΟΓΡΑΦΗΣΗΣ | |
| Φορέας πρωτότυπης καταλογογράφησης | MC Athens Campus Library |
| Γλώσσα καταλογογράφησης | Ελληνικά, Μοντέρνα (1453-) |
| Modifying agency | MC Athens Campus Library |
| Κανόνες περιγραφικής καταλογογράφησης | AACR2 |
| 245 1# - ΤΙΤΛΟΣ ΚΑΙ ΔΗΛΩΣΗ ΥΠΕΥΘΥΝΟΤΗΤΑΣ | |
| Τίτλος | Βιώσιμη Τουριστική Ανάπτυξη και Περιβάλλον |
| 250 ## - EDITION STATEMENT | |
| Edition statement | 2η |
| 260 ## - PUBLICATION, DISTRIBUTION, ETC. | |
| Name of publisher, distributor, etc. | Κριτική, |
| Date of publication, distribution, etc. | 2019 |
| 300 ## - PHYSICAL DESCRIPTION | |
| Extent | 296 |
| 520 ## - SUMMARY, ETC. | |
| Summary, etc. | Το βιβλίο αυτό επιδιώκει να συμβάλει στον επιστημονικό διάλογο για τα θέματα ανάπτυξης του τουρισμού στη χώρα μας, εστιάζοντας ιδιαίτερα στις Προϋποθέσεις ανάπτυξης ενός βιώσιμου τουρισμού, με σεβασμό στο περιβάλλον, την κοινωνική δομή και τον πολιτισμό. Πρόλογος, Τουριστική Ανάπτυξη: Εννοιολογικές Οριοθετήσεις και Ζητήματα Ανάλυσης, Παράγοντες Διαμόρφωσης των Προτύπων Τουριστικής Ανάπτυξης, Πρότυπα Τουριστικής Ανάπτυξης: Παράμετροι Συγκρότησης των Διαφορετικών Προτύπων, Σχεδιασμός και Διαχείριση της Τουριστικής Ανάπτυξης, Τουριστικοί Προορισμοί και Τοπική Διακυβέρνηση: Παράγοντες Συγκρότησης και Ζητήματα Βιωσιμότητας, Τουρισμός και Περιβάλλον, Επιπτώσεις του Τουρισμού στο Φυσικό Περιβάλλον, Επιπτώσεις του Τουρισμού στο Δομημένο Περιβάλλον, Πολιτικές για τον Τουρισμό και το Περιβάλλον, Περιβαλλοντικά Προβλήματα και Πολιτικές σε Χαρακτηριστικές Τουριστικές Περιοχές, Βιώσιμη Τουριστική Ανάπτυξη στα Νησιά, Τουρισμος και Κλιματική Αλλαγή: Σύγχρονες Περιβαλλοντικές Προκλήσεις, Φορείς και Μέσα Άσκησης Πολιτικής για τον Τουρισμό, Σχεδιασμός για τον Τουρισμό και το Περιβάλλον, Ανάπτυξη του Τουρισμού και Κύρια Θέματα Ανάλυσης και Τάσεις της Έρευνας τα Επόμενα Χρόνια, Γενική Βιβλιογραφία. |
| 700 1# - ΠΡΟΣΘΕΤΗ ΑΝΑΓΡΑΦΗ--ΦΥΣΙΚΟ ΠΡΟΣΩΠΟ | |
| Personal name | Κοκκώσης, Χάρης |
| 9 (RLIN) | 8803 |
| 700 1# - ΠΡΟΣΘΕΤΗ ΑΝΑΓΡΑΦΗ--ΦΥΣΙΚΟ ΠΡΟΣΩΠΟ | |
| Personal name | Τσάρτας Πάρις |
| 942 ## - ADDED ENTRY ELEMENTS (KOHA) | |
| Koha item type | Books |
| Τύπος τεκμηρίου | Βιβλιοθήκη | Τρέχουσα τοποθεσία | Barcode | Αριθμός εισαγωγής | Ημερομηνία απόκτησης | Ταξιθετικό σύμβολο | Αριθμός αντιτύπου | Κατάσταση απόσυρσης | Κατάσταση χαμένου | Κατάσταση κατεστραμμένου | Μη δανεισμός | Σύνολο δανεισμών | Ημερομηνία τελευταίας εμφάνισης | Η τιμή ισχύει από |
|---|---|---|---|---|---|---|---|---|---|---|---|---|---|---|
| Books | MC Athens Campus Library | MC Athens Campus Library | 9780000082480 | 7652 | 05/06/2025 | 338.4791 KOK | 1 | 05/06/2025 | 05/06/2025 |